|
|
|
|
| LEADER |
00000cam a22000004a 4500 |
| 001 |
musev2_73874 |
| 003 |
MdBmJHUP |
| 005 |
20230905051639.0 |
| 006 |
m o d |
| 007 |
cr||||||||nn|n |
| 008 |
200409r20202019gau o 00 0 eng d |
| 020 |
|
|
|a 9781946527271
|
| 020 |
|
|
|z 9781946527509
|
| 035 |
|
|
|a (OCoLC)1150045968
|
| 040 |
|
|
|a MdBmJHUP
|c MdBmJHUP
|
| 050 |
|
4 |
|a BM695.S8
|b R83 2019
|
| 082 |
0 |
|
|a 296.4/33/09014
|2 23
|
| 100 |
1 |
|
|a Rubenstein, Jeffrey L.,
|e author.
|
| 245 |
1 |
4 |
|a A History of Sukkot in the Second Temple and Rabbinic Periods /
|c by Jeffrey L. Rubenstein.
|
| 264 |
|
1 |
|a Baltimore, Maryland :
|b Project Muse,
|c 2020
|
| 264 |
|
3 |
|a Baltimore, Md. :
|b Project MUSE,
|c 2020
|
| 264 |
|
4 |
|c ©2020
|
| 300 |
|
|
|a 1 online resource.
|
| 336 |
|
|
|a text
|b txt
|2 rdacontent
|
| 337 |
|
|
|a computer
|b c
|2 rdamedia
|
| 338 |
|
|
|a online resource
|b cr
|2 rdacarrier
|
| 490 |
0 |
|
|a Brown Judaic studies ;
|v number 302
|
| 500 |
|
|
|a Revision of the author's thesis (doctoral)--Columbia University, 1992.
|
| 500 |
|
|
|a Issued as part of book collections on Project MUSE.
|
| 504 |
|
|
|a Includes bibliographical references and indexes.
|
| 506 |
0 |
|
|a Open Access
|f Unrestricted online access
|2 star
|
| 588 |
|
|
|a Description based on print version record.
|
| 650 |
|
0 |
|a Judaism
|x History
|y Talmudic period, 10-425.
|
| 650 |
|
0 |
|a Judaism
|x History
|y Post-exilic period, 586 B.C.-210 A.D.
|
| 650 |
|
0 |
|a Sukkot in rabbinical literature.
|
| 650 |
|
0 |
|a Sukkot
|x History.
|
| 655 |
|
7 |
|a Electronic books.
|2 local
|
| 710 |
2 |
|
|a Project Muse,
|e distributor.
|
| 776 |
1 |
8 |
|i Print version:
|w (DLC) 2019953440
|z 9781946527288
|
| 710 |
2 |
|
|a Project Muse.
|e distributor
|
| 830 |
|
0 |
|a Brown Judaic studies ;
|v no. 302.
|
| 830 |
|
0 |
|a Book collections on Project MUSE.
|
| 856 |
4 |
0 |
|z Texto completo
|u https://projectmuse.uam.elogim.com/book/73874/
|